| 000 | 00615cam a2200193 4500 | ||
|---|---|---|---|
| 001 | D14943 | ||
| 008 | 090401t1968 xxu||||| |||| 00| 0 eng d | ||
| 035 | _a(Sirsi) u18994 | ||
| 041 | _aeng | ||
| 050 | _a025.4669 | ||
| 110 |
_aRoyal Institute of British Architects _92527 |
||
| 245 | _aConstruction indexing manual | ||
| 260 |
_aLondon _bRIBA _c1968 |
||
| 300 | _a158p. 30cm | ||
| 350 | _a3.75 | ||
| 520 | _aIncorporating the authoritative United Kingdom version of the international SFB classification system and superseding the RIBA SFB/UDC Building Filing Manual 1961 | ||
| 942 | _n0 | ||
| 948 | _c04/03/1997 | ||
| 999 |
_c87641 _d87641 |
||